Busiest Railway Stations in North West England - Statistics

General Stats
  • This quiz has been taken 140 times
  • The average score is 12 of 20
Answer Stats
No. of Passenger Entries / Exits Station % Correct
27,724,962 Manchester Piccadilly
98%
16,032,460 Liverpool Lime Street
94%
8,202,118 Manchester Victoria
88%
4,858,536 Preston
86%
3,147,094 Crewe
82%
4,686,374 Chester
81%
16,465,770 Liverpool Central
73%
8,558,308 Manchester Oxford Road
73%
2,950,294 Bolton
72%
2,142,868 Lancaster
70%
1,967,474 Carlisle
69%
3,853,208 Stockport
66%
4,644,526 Manchester Airport
65%
4,140,162 Southport
58%
2,247,382 Liverpool South Parkway
44%
7,366,266 Moorfields
32%
1,952,446 Birkenhead Hamilton Square
21%
2,006,936 Ormskirk
16%
2,427,784 Kirkby
15%
3,466,478 Liverpool James Street
13%
No matching quizzes found
Score Distribution
Percent of People with Each Score
Percentile by Number Answered
Your Score History
You have not taken this quiz